| 000 | 00858nam a2200217Ii 4500 | ||
|---|---|---|---|
| 003 | JO-AjNU | ||
| 008 | 230605s9999||||xx |||||||||||||| ||und|| | ||
| 017 | _a1995/8/800 | ||
| 040 |
_aJO-AjNU _bara _erda _cJO-AjNU |
||
| 041 | _aara | ||
| 050 | 1 | 4 | _aK1005.4.A4464.1995 |
| 100 | 3 |
_a العكيلي، عزيز , _eauthor _946802 |
|
| 245 | 0 | 0 | _aالقانون التجاري : الأعمال التجارية والتجار والمتجر ، الشركات التجارية ، الأوراق التجارية |
| 250 | _a(د،ط) | ||
| 264 | 3 | 1 | _aعمان : مكتبة دار الثقافة ، 1995 |
| 300 | _a549ص | ||
| 336 |
_atext _btxt _2rdacontent |
||
| 337 |
_aunmediated _bn _2rdamedia |
||
| 338 |
_avolume _bnc _2rdacarrier |
||
| 650 | 4 |
_aالأعمال التجارية والتجار -- الشركات والأوراق التجارية _946803 |
|
| 999 |
_aA20387 _c23955 _d23955 |
||